000 01411cam a2200337 i 4500
001 200468104
003 TR-AnTOB
005 20260415085247.0
007 ta
008 960111s1955 nyua b 100 0 eng
040 _aDLC
_beng
_erda
_cTJC
_dOCL
_dMNU
_dTR-AnTOB
041 0 _aeng
050 1 4 _aQA377
_b.T736 1955
090 _aQA377
_b.T736 1955
110 1 _aUnited States.
_bOffice of Naval Research.
245 0 0 _aTransactions of the symposium on partial differential equations held at the University of California, at Berkeley, June 20-July 1, 1955 /
_csponsored by Office of Naval Research [and others] ; Editorial committee: N. Aronszajn, A. Douglis [and] C. B. Morrey, Jr.
264 1 _aNew York ;
_bInterscience Publishers,
_c1955?.
300 _avi, 334 pages :
_billustrations ;
_c27 cm
336 _atext
_btxt
_2rdacontent
337 _aunmediated
_bn
_2rdamedia
338 _avolume
_bnc
_2rdacarrier
500 _a"Reprinted from Communications on pure and applied mathematics ... volume IX, number 3 (1956)"
504 _aBIBINDX
650 0 _aDifferential equations, Partial
_91008
700 1 _aAronszajn, Nachman,
_d1907-
_eeditor
_9153667
700 1 _aDouglis, A.
_q(Avron),
_d1918-1995
_eeditor
_9153668
700 1 _aMorrey, Charles Bradfield,
_d1907-1984
_eeditor
_938543
740 0 1 _aSymposium on partial differential equations.
942 _2lcc
_cBK
999 _c200468104
_d86316